00625 a2200253 4500260001000000630006300010037001200073650002800085100002000113700001800133260002100151260002000172245002600192300001100218650001300229650004700242260000900289300001000298100000700308037001200315440001200327440001400339020001800353 aParis a62 - Ingenierie. Art de lingenieur. Technologie en general b1, WVSC a6 - SCIENCES APPLIQUEES aMonot, Philippe aSimon, Michel bEd. de l'atelier bEd. ouvrières aHabiter le cybermonde a188 p. aInternet aInformatique : réseau et télématique c1998 b23 cm lFr aL 15188 aComment x1275-0654 a2-7082-3343-2